• 首页
  • 本馆介绍
  • 公告通知
  • 最新文献
  • 馆藏检索
  • 电子资源
  • 读者导购
  • 参考咨询
  • 我的图书馆
  • 登录
  • 详细信息显示
  • 放入我的书架
  • 预约/预借图书
  • 作者相关作品
  • 分类相关作品
  • 丛书相关作品
  • 出版社相关作品

书目信息

  • 表格格式
  • 工作单格式
  • 卡片格式
题名:
抹灰工
    
 
作者: 曹文达 主编
分册:  
出版信息: 北京   金盾出版社  2013
页数: 324页
开本: 21cm
丛书名: 建筑工人达标上岗培训丛书
单 册:
中图分类: TU754.2
科图分类:
主题词: 抹灰--技术教育--教材 , 抹灰
电子资源:
ISBN: 978-7-5082-8081-3
000 00797oam2 2200253 450
001 2340540458
005 20231213111632.69
010    @a978-7-5082-8081-3@dCNY 26.00
100    @a20130428d2013 em y0chiy0120 ea
101 0  @achi
102    @aCN@b110000
105    @aa z 000yy
200 1  @a抹灰工@Amo hui gong@b专著@f曹文达主编
210    @a北京@c金盾出版社@d2013
215    @a324页@c图@d21cm
225 2  @a建筑工人达标上岗培训丛书
330    @a本书内容包括基础知识、一般抹灰施工、装饰抹灰及涂料饰面层施工、外墙保温砂浆抹灰、饰面瓷砖及饰面石板材施工、楼地面整体铺设等。
410  0 @1001003257312
606 0  @a抹灰@x技术教育@j教材
606 0  @a抹灰
690    @aTU754.2@v5
701  0 @a曹文达@Acao wen da@c(建筑)@4主编
801  2 @aCN@b辽宁北配@c20231205
905    @aBZT@dTU754.2@e28
    
    抹灰工/曹文达主编.-北京:金盾出版社,2013
    324页:图;21cm.-(建筑工人达标上岗培训丛书)
    
    
    ISBN 978-7-5082-8081-3:CNY 26.00
    本书内容包括基础知识、一般抹灰施工、装饰抹灰及涂料饰面层施工、外墙保温砂浆抹灰、饰面瓷砖及饰面石板材施工、楼地面整体铺设等。
●
相关链接 在五车中查询图书 在当当中查询图书 在豆瓣中查询图书


正题名:抹灰工     索取号:TU754.2/28         预约/预借

序号 登录号 条形码 馆藏地/架位号 状态 备注
1 2001549832   2001549832   216-217主题书屋/216室1架4层4列/ [索取号:TU754.2/28] 在馆    
2 2001549833   2001549833   216-217主题书屋/216室1架4层4列/ [索取号:TU754.2/28] 在馆    
3 2001549834   2001549834   216-217主题书屋/216室1架4层4列/ [索取号:TU754.2/28] 在馆    
4 2001549835   2001549835   216-217主题书屋/216室1架4层4列/ [索取号:TU754.2/28] 在馆    
5 2001549836   2001549836   216-217主题书屋/216室1架4层4列/ [索取号:TU754.2/28] 在馆    
6 2001549837   2001549837   319书库/ [索取号:TU754.2/28] 在馆    
7 2001549838   2001549838   319书库/ [索取号:TU754.2/28] 在馆    
8 2001549839   2001549839   319书库/ [索取号:TU754.2/28] 在馆    
9 2001549840   2001549840   216-217主题书屋/216室1架4层4列/ [索取号:TU754.2/28] 在馆    
10 2001549841   2001549841   319书库/ [索取号:TU754.2/28] 在馆    
11 2001549842   2001549842   319书库/ [索取号:TU754.2/28] 在馆    
12 2001549843   2001549843   319书库/ [索取号:TU754.2/28] 在馆    
山东省滨州职业学院图书馆 欢迎您!
大连网信软件有限公司© 版权所有